| 000 | 00369nam a22001457a 4500 | ||
|---|---|---|---|
| 999 |
_c259960 _d259959 |
||
| 003 | OSt | ||
| 005 | 20230517115105.0 | ||
| 008 | 230517b xxu||||| |||| 00| 0 eng d | ||
| 020 | _a13978-0-13-244791-1 | ||
| 040 | _cN/A | ||
| 100 | _aJoseph M. Manzo | ||
| 245 | _aMicrosoft Office Excell 2007 in business | ||
| 260 |
_aNewYork _bPrentice Hall _c2008 |
||
| 942 |
_2lcc _cBK |
||